000 00314nam a22001457a 4500
003 SGT
082 _a340.1,FIT
100 _aFITZGERALD, P J
245 _aSALMOND ON JURISPRUDENCE
250 _a12TH
260 _aNEW DELHI
_bUNIVERSAL BOOK
_c2014
300 _a481
650 _aJURISPRUDENCE
942 _2ddc
_cBK
_01
999 _c9934
_d9934